Statistics for A Flags CTDE

Click here to take the quiz!

General Stats

  • This quiz has been taken 14 times
    (7 since last reset)
  • The average score is 13 of 16

Answer Stats

Answer% Correct
Afghanistan
100%
Albania
100%
Algeria
100%
Andorra
100%
Angola
100%
Antigua & Barbuda
100%
Argentina
100%
Australia
100%
Austria
100%
Azerbaijan
100%
Armenia
83%
Austria-Hungary
67%
Antarctica
50%
Aceh Sultanate
33%
Ahom Dynasty
33%
Aztec Empire
33%

Score Distribution

Percentile by Number Answered

Percent of People with Each Score

Your Score History

You have not taken this quiz since the last reset